| 000 | 01143cam a22003257a 4500 | ||
|---|---|---|---|
| 003 | CHAP | ||
| 005 | 20220329140001.0 | ||
| 008 | 971013s1955 r 00010 d | ||
| 010 | _a45091 | ||
| 011 | _a46063 | ||
| 035 | _a50203 | ||
| 040 | _cCHAP | ||
| 082 |
_a338.972 _bU55 |
||
| 110 |
_aUniversidad Nacional Autónoma de México. Escuela Nacional de Economía _9116515 |
||
| 245 | 1 | 3 | _aLa intervención del Estado en la economía |
| 260 |
_aMéxico, D.F. : _bInst. de Investigaciones Económicas, _c1955 |
||
| 300 | _a302 p. | ||
| 500 | _aCurso de invierno de 1955 | ||
| 590 |
_aBATCH-UPD _b10 _c20130110 _lUCH01 _h0219 |
||
| 590 |
_aBATCH-UPD _b10 _c20130110 _lUCH01 _h1236 |
||
| 590 |
_aBATCH-UPD _b10 _c20130409 _lUCH01 _h2238 |
||
| 590 |
_aBATCH-UPD _b10 _c20130914 _lUCH01 _h1636 |
||
| 590 |
_aCONVERSION _b10 _c20130109 _lUCH01 _h1325 |
||
| 650 | 1 | 4 |
_aIndustria y Estado _xMéxico. _957919 |
| 650 | 1 | 4 |
_aPolítica económica _zMéxico. _990535 |
| 901 | _aBK | ||
| 942 | _cLIBRO | ||
| 949 |
_a338.972 U55 _bBC _cLIBRO _d33724000120119 _eLIBRO _h6678 _i50203 _si |
||
| 949 |
_a338.972 U55 _bBC _cLIBRO _d33724000120291 _eLIBRO _fc.2 _h6679 _i50203 _si |
||
| 999 |
_c45091 _d45091 |
||